00431nam a2200121Ia 4500008004100000245009000041245001800131260000900149650001100158856004800169999001900217952007300236171211s9999 xx 000 0 und d aPains on Trains: The Commuter's Guide to the 50 Most Irritating Travelling Companions cAndrew Holmes c2003 xTRAVEL uhttp://down.ebook777.com/060/1841125644.pdf c349197d349197 001040aCLbCLd2017-12-11l0r2017-12-11 00:00:00w2017-12-11yCBE